Дело об утверждении доктора медицины еврея С. Кушелевского в звании почетного потомственного гражданина, как имеющего ученую сте...

Доступно только в Электронных читальных залах Найти на картеНа карте
RUSMARC
00004119nmc2a2200000 x 450
001e09569cf-06d6-46f0-b305-c1b851cd3228
00520151215125526.0
100##$a20150820l18391842k l0rusy0189 ca
1010#$arus
102##$aRU
2001#$aДело об утверждении доктора медицины еврея С. Кушелевского в звании почетного потомственного гражданина, как имеющего ученую степень
$j26 мая 1839 г. - 14 октября 1842 г.
251##$cДело
300##$aДело
300##$aОриг. заголовок дела: Дело по указу Правительствующего Сената о доставлении мнения касательно возведения доктора медицины из евреев Кушелевского в почетное гражданство. 26 мая 1839 г. - 14 октября 1842 г
801#0$aRU
$bРГИА
$c20150820
$gRCR
801#1$aRU
$bГлавНИВЦ
$c20150820
$2rusmarc
801#2$aRU
$bПБ им. Б.Н. Ельцина
$c20151215
$gRCR
$2rusmarc
850##$aРГИА
852##$aРГИА
$eФедеральное казенное учреждение "Российский государственный исторический архив" (РГИА)
$j352
937##$hРГИА
$d12091884
$aASBIBLIO_SCAN
462#0$100110dcdccd-ec79-4ee8-a204-b9d031b41c04
$12001
$aМедицинские дела Департамента народного просвещения
$1251
$cОпись
$1852
$j99
461#0$1001a74412a3-3cc5-4d21-8f0a-dfe2fbd9e72d
$12001
$aДепартамент народного просвещения Министерства народного просвещения
$1251
$cФонд
$1852
$j733
215##$a7 л.
$d36,5х26 см
371##$aДокумент не является опубликованным и широко распространяемым
105##$ay###
1222#$ad
5171#$aДело по указу Правительствующего Сената о доставлении мнения касательно возведения доктора медицины из евреев Кушелевского в почетное гражданство. 26 мая 1839 г. - 14 октября 1842 г
035##$ae09569cf-06d6-46f0-b305-c1b851cd3228
Формат отображения